[Event "Magistral Casino Barcelona 2011"]
[Site "Barcelona ESP"]
[Date "2011.10.12"]
[Round "1.1"]
[White "Oms Pallise, Josep"]
[Black "Narciso Dublan, Marc"]
[Result "1/2-1/2"]
[WhiteElo "2493"]
[BlackElo "2519"]
[PlyCount "48"]
[EventDate "2011.10.12"]
[EventType "tourn"]
[EventRounds "9"]
[EventCountry "ESP"]
[EventCategory "14"]
[Source "lmi"]
[SourceDate "2011.10.12"]

1. d4 Nf6 2. c4 e6 3. Nc3 Bb4 4. Qc2 Nc6 5. Nf3 d6 6. Bd2 O-O 7. a3 Bxc3 8.
Bxc3 Re8 9. e3 e5 10. dxe5 dxe5 11. Rd1 Qe7 12. h3 a5 13. Be2 g6 14. O-O Bf5
15. Qb3 Ra7 16. Rd5 a4 17. Qb5 Ne4 18. Bb4 Nd6 19. Bxd6 cxd6 20. Rfd1 Ra5 21.
Qb6 Ra6 22. Qb5 Ra5 23. Qb6 Ra6 24. Qb5 Ra5 1/2-1/2

[Event "Magistral Casino Barcelona 2011"]
[Site "Barcelona ESP"]
[Date "2011.10.12"]
[Round "1.2"]
[White "De La Riva Aguado, Oscar"]
[Black "Peralta, Fernando"]
[Result "1/2-1/2"]
[WhiteElo "2541"]
[BlackElo "2602"]
[PlyCount "65"]
[EventDate "2011.10.12"]
[EventType "tourn"]
[EventRounds "9"]
[EventCountry "ESP"]
[EventCategory "14"]
[Source "lmi"]
[SourceDate "2011.10.12"]

1. e4 c6 2. d4 d5 3. e5 Bf5 4. Nd2 e6 5. Nb3 Nd7 6. Nf3 c5 7. dxc5 Bxc5 8. Nxc5
Nxc5 9. Bb5+ Nd7 10. Nd4 Ne7 11. Bg5 Bg6 12. h4 h6 13. Bxe7 Qxe7 14. h5 Bh7 15.
Qg4 O-O 16. Bxd7 Qxd7 17. O-O Rac8 18. c3 b5 19. a3 a5 20. Rfe1 b4 21. axb4
axb4 22. Re3 bxc3 23. bxc3 Kh8 24. Rg3 Rg8 25. Qf4 Ra8 26. Re1 Qb7 27. Kh2 Be4
28. Rg1 Ra2 29. Re1 Ra4 30. Kg1 Ra2 31. Kh2 Ra4 32. Kg1 Ra2 33. Kh2 1/2-1/2

[Event "Magistral Casino Barcelona 2011"]
[Site "Barcelona ESP"]
[Date "2011.10.12"]
[Round "1.3"]
[White "Smirin, Ilia"]
[Black "Salgado Lopez, Ivan"]
[Result "0-1"]
[WhiteElo "2678"]
[BlackElo "2614"]
[PlyCount "148"]
[EventDate "2011.10.12"]
[EventType "tourn"]
[EventRounds "9"]
[EventCountry "ESP"]
[EventCategory "14"]
[Source "lmi"]
[SourceDate "2011.10.12"]

1. e4 e5 2. Nf3 Nc6 3. Bb5 a6 4. Ba4 Nf6 5. O-O Be7 6. Re1 b5 7. Bb3 O-O 8. d3
d6 9. c3 Na5 10. Bc2 c5 11. Nbd2 Nc6 12. Nf1 Re8 13. h3 h6 14. d4 cxd4 15. cxd4
exd4 16. Nxd4 Nxd4 17. Qxd4 Bb7 18. Ng3 d5 19. e5 Ne4 20. Qd3 Rc8 21. Nf5 Bf8
22. Bf4 Qb6 23. Re2 Qg6 24. Nh4 Qb6 25. Be3 Qd8 26. Nf3 g6 27. Rd1 Bg7 28. h4
Qe7 29. Bb3 Nc5 30. Bxc5 Rxc5 31. h5 gxh5 32. Nd4 Bc8 33. Re3 Bg4 34. Rde1 Rec8
35. Bc2 Rc4 36. Bb3 Rc1 37. Bxd5 Qb4 38. Qe4 Qxb2 39. Nc6 Rxe1+ 40. Rxe1 Re8
41. f4 Qd2 42. Re3 Be6 43. Bxe6 Rxe6 44. Nd4 Rg6 45. Kh2 Bf8 46. e6 Qxa2 47.
Rb3 Bd6 48. Qa8+ Kh7 49. exf7 Qf2 50. f8=N+ Bxf8 51. Qe4 Qh4+ 52. Rh3 Qe7 53.
Qd5 Qc5 54. Qe4 Qe7 55. Qd5 Bg7 56. Nf5 Qe6 57. Qd3 Qc4 58. Qe3 Qc2 59. Nh4 Rg4
60. Qe8 Qc4 61. g3 Qc2+ 62. Ng2 h4 63. Rxh4 Rxh4+ 64. gxh4 Qf5 65. h5 b4 66.
Kg3 b3 67. Ne3 Qd3 68. f5 Qd6+ 69. Kf3 b2 70. Qe4 Qe5 71. Qb1 Kh8 72. Ke2 Qb5+
73. Kd2 Bd4 74. Nd1 Bf6 0-1

[Event "Magistral Casino Barcelona 2011"]
[Site "Barcelona ESP"]
[Date "2011.10.12"]
[Round "1.4"]
[White "Spraggett, Kevin"]
[Black "Alsina Leal, Daniel"]
[Result "1-0"]
[WhiteElo "2576"]
[BlackElo "2529"]
[PlyCount "101"]
[EventDate "2011.10.12"]
[EventType "tourn"]
[EventRounds "9"]
[EventCountry "ESP"]
[EventCategory "14"]
[Source "lmi"]
[SourceDate "2011.10.12"]

1. d4 Nf6 2. c4 g6 3. g3 Bg7 4. Bg2 d5 5. cxd5 Nxd5 6. Nf3 Nb6 7. Nc3 Nc6 8. e3
O-O 9. O-O Re8 10. Re1 a5 11. Qe2 Be6 12. Nd2 a4 13. Rd1 f5 14. Rb1 Nd5 15. Nf3
Nxc3 16. bxc3 Na5 17. Rb4 Kh8 18. e4 fxe4 19. Ng5 Bg8 20. Bxe4 Qd6 21. Rxa4 Nc6
22. Rxa8 Rxa8 23. d5 Ne5 24. a3 Qc5 25. h4 Qxc3 26. h5 Bf6 27. hxg6 hxg6 28.
Kg2 Kg7 29. Ne6+ Bxe6 30. dxe6 Rh8 31. Bf4 c6 32. a4 g5 33. Bxe5 Qxe5 34. Qg4
Ra8 35. Bc2 Rh8 36. Bb1 Rh6 37. Be4 Qa5 38. Bf3 Qc7 39. Qe4 Qb6 40. Rd7 Qb2 41.
Qf5 Qb4 42. a5 Qe1 43. Rd1 Qc3 44. Rb1 c5 45. Rxb7 Qe1 46. Rb1 Qxa5 47. Be4 Qc3
48. Rb7 Qe1 49. Rb1 Qe2 50. Rh1 Rxh1 51. Qg6+ 1-0

[Event "Magistral Casino Barcelona 2011"]
[Site "Barcelona ESP"]
[Date "2011.10.13"]
[Round "2.1"]
[White "Narciso Dublan, Marc"]
[Black "Alsina Leal, Daniel"]
[Result "1/2-1/2"]
[WhiteElo "2519"]
[BlackElo "2529"]
[PlyCount "59"]
[EventDate "2011.10.12"]
[EventType "tourn"]
[EventRounds "9"]
[EventCountry "ESP"]
[EventCategory "14"]
[Source "lmi"]
[SourceDate "2011.10.12"]

1. e4 c6 2. d4 d5 3. exd5 cxd5 4. Bd3 Nc6 5. c3 Qc7 6. Bg5 e5 7. dxe5 Qxe5+ 8.
Qe2 Bc5 9. Nd2 Nge7 10. Ngf3 Qxe2+ 11. Kxe2 Bf5 12. Bxe7 Bxd3+ 13. Kxd3 Kxe7
14. Rae1+ Kf6 15. Re2 Rhe8 16. Rhe1 Re6 17. Nb3 Bb6 18. Nbd4 Bxd4 19. Nxd4 Rxe2
20. Rxe2 Ne5+ 21. Kc2 g5 22. Re3 h5 23. h3 h4 24. Kd1 Rd8 25. b3 Ng6 26. Rf3+
Ke7 27. Nf5+ Ke6 28. Nd4+ Ke7 29. Nf5+ Ke6 30. Nd4+ 1/2-1/2

[Event "Magistral Casino Barcelona 2011"]
[Site "Barcelona ESP"]
[Date "2011.10.13"]
[Round "2.2"]
[White "Salgado Lopez, Ivan"]
[Black "Seirawan, Yasser"]
[Result "1/2-1/2"]
[WhiteElo "2614"]
[BlackElo "2652"]
[PlyCount "81"]
[EventDate "2011.10.12"]
[EventType "tourn"]
[EventRounds "9"]
[EventCountry "ESP"]
[EventCategory "14"]
[Source "lmi"]
[SourceDate "2011.10.12"]

1. Nf3 Nf6 2. c4 e6 3. Nc3 d5 4. d4 Nbd7 5. Bf4 Bb4 6. cxd5 exd5 7. e3 c5 8.
Bd3 c4 9. Bc2 O-O 10. O-O Bxc3 11. bxc3 Re8 12. Nd2 Nf8 13. a4 Ng6 14. Bg5 h6
15. Bxf6 Qxf6 16. Qh5 Ne7 17. Rfb1 b6 18. a5 Bf5 19. Bxf5 Nxf5 20. Qf3 Qe6 21.
Rb5 Ne7 22. Rab1 bxa5 23. Qd1 a6 24. Rxa5 Reb8 25. Raa1 Qc6 26. Qc1 Nf5 27. Ra5
Rb5 28. Rbxb5 axb5 29. Qa3 Rxa5 30. Qxa5 Kh7 31. Nf3 f6 32. Ne1 Nd6 33. Nc2 Qe8
34. Nb4 Qe4 35. Qa2 Kg6 36. h3 Nf5 37. Qa8 Nxe3 38. fxe3 Qxe3+ 39. Kh1 Qc1+ 40.
Kh2 Qf4+ 41. Kh1 1/2-1/2

[Event "Magistral Casino Barcelona 2011"]
[Site "Barcelona ESP"]
[Date "2011.10.13"]
[Round "2.3"]
[White "Peralta, Fernando"]
[Black "Smirin, Ilia"]
[Result "1/2-1/2"]
[WhiteElo "2602"]
[BlackElo "2678"]
[PlyCount "52"]
[EventDate "2011.10.12"]
[EventType "tourn"]
[EventRounds "9"]
[EventCountry "ESP"]
[EventCategory "14"]
[Source "lmi"]
[SourceDate "2011.10.12"]

1. d4 Nf6 2. c4 g6 3. Nc3 Bg7 4. e4 d6 5. Nf3 O-O 6. Be2 e5 7. Be3 Ng4 8. Bg5
f6 9. Bh4 g5 10. Bg3 Nh6 11. d5 Nd7 12. O-O a5 13. Nd2 Nc5 14. f3 f5 15. exf5
Nxf5 16. Bf2 b6 17. Nde4 Bd7 18. Qd2 h6 19. Ng3 Nd4 20. Rae1 Nxe2+ 21. Qxe2 Qe8
22. b3 Qg6 23. Nb5 Rac8 24. Na7 Ra8 25. Nb5 Rac8 26. Na7 Ra8 1/2-1/2

[Event "Magistral Casino Barcelona 2011"]
[Site "Barcelona ESP"]
[Date "2011.10.13"]
[Round "2.4"]
[White "Oms Pallise, Josep"]
[Black "De La Riva Aguado, Oscar"]
[Result "1/2-1/2"]
[WhiteElo "2493"]
[BlackElo "2541"]
[PlyCount "95"]
[EventDate "2011.10.12"]
[EventType "tourn"]
[EventRounds "9"]
[EventCountry "ESP"]
[EventCategory "14"]
[Source "lmi"]
[SourceDate "2011.10.12"]

1. d4 Nf6 2. c4 c5 3. d5 g6 4. Nc3 d6 5. e4 Bg7 6. Be2 O-O 7. Nf3 e6 8. O-O Re8
9. Nd2 Na6 10. a3 Nc7 11. Rb1 b6 12. Re1 Ba6 13. Bf1 Qd7 14. b3 Nfxd5 15. Nxd5
exd5 16. cxd5 Bxf1 17. Kxf1 Nb5 18. Bb2 Bxb2 19. Rxb2 Nxa3 20. Nf3 Nb5 21. Qd3
Nc7 22. Rbe2 f6 23. h4 Re7 24. h5 Kg7 25. Kg1 Qb5 26. Qc2 Rf8 27. Nh4 Qe8 28.
Re3 Re5 29. hxg6 hxg6 30. Rg3 Rg5 31. Rxg5 fxg5 32. Qc3+ Kg8 33. Nf3 g4 34. Nh2
Nb5 35. Qg3 Qe7 36. Nxg4 Qg5 37. e5 dxe5 38. Rxe5 Qc1+ 39. Kh2 Qf4 40. Re6
Qxg3+ 41. Kxg3 Kg7 42. Ne5 Rf6 43. Re7+ Kf8 44. Rd7 Nc3 45. Rxa7 Ke8 46. Ng4
Rf5 47. f3 Nxd5 48. Kf2 1/2-1/2

[Event "Magistral Casino Barcelona 2011"]
[Site "Barcelona ESP"]
[Date "2011.10.14"]
[Round "3.1"]
[White "De La Riva Aguado, Oscar"]
[Black "Narciso Dublan, Marc"]
[Result "1/2-1/2"]
[WhiteElo "2541"]
[BlackElo "2519"]
[PlyCount "81"]
[EventDate "2011.10.12"]
[EventType "tourn"]
[EventRounds "9"]
[EventCountry "ESP"]
[EventCategory "14"]
[Source "lmi"]
[SourceDate "2011.10.12"]

1. e4 e5 2. Nf3 Nc6 3. d4 exd4 4. Nxd4 Nf6 5. Nxc6 bxc6 6. e5 Qe7 7. Qe2 Nd5 8.
Nd2 Bb7 9. Nf3 Qb4+ 10. Qd2 Qe4+ 11. Be2 Ba6 12. Kf1 Bxe2+ 13. Qxe2 Qxe2+ 14.
Kxe2 Bc5 15. c4 Nb6 16. b3 O-O 17. Bb2 Rae8 18. Rhe1 f6 19. Kf1 fxe5 20. Bxe5
Bb4 21. Re2 d6 22. Bd4 Nd7 23. Rd1 Rxe2 24. Kxe2 Nc5 25. Be3 Ne6 26. Nd4 Nxd4+
27. Bxd4 a6 28. Rd3 Re8+ 29. Re3 Rxe3+ 30. Kxe3 Kf7 31. g4 g6 32. f4 Ke6 33.
Ke2 Ba3 34. Kd1 Bb4 35. h3 c5 36. Bb2 c6 37. Ke2 Ba5 38. Ke3 Bc7 39. Bc3 d5 40.
Kf3 Bd8 41. Bg7 1/2-1/2

[Event "Magistral Casino Barcelona 2011"]
[Site "Barcelona ESP"]
[Date "2011.10.14"]
[Round "3.2"]
[White "Smirin, Ilia"]
[Black "Oms Pallise, Josep"]
[Result "1/2-1/2"]
[WhiteElo "2678"]
[BlackElo "2493"]
[PlyCount "46"]
[EventDate "2011.10.12"]
[EventType "tourn"]
[EventRounds "9"]
[EventCountry "ESP"]
[EventCategory "14"]
[Source "lmi"]
[SourceDate "2011.10.12"]

1. e4 c6 2. d4 d5 3. e5 Bf5 4. Nf3 e6 5. Be2 Ne7 6. Nbd2 c5 7. dxc5 Nec6 8. Nb3
Bxc5 9. Nxc5 Qa5+ 10. c3 Qxc5 11. Qb3 Qe7 12. Bg5 Qc7 13. Qa3 Bg4 14. O-O Bxf3
15. Bxf3 Nxe5 16. Be2 Nbc6 17. Rfe1 Ng6 18. Bh5 Nce7 19. c4 dxc4 20. Qa4+ Qc6
21. Qa3 Qc7 22. Qa4+ Qc6 23. Qa3 Qc7 1/2-1/2

[Event "Magistral Casino Barcelona 2011"]
[Site "Barcelona ESP"]
[Date "2011.10.14"]
[Round "3.3"]
[White "Seirawan, Yasser"]
[Black "Peralta, Fernando"]
[Result "1-0"]
[WhiteElo "2652"]
[BlackElo "2602"]
[PlyCount "65"]
[EventDate "2011.10.12"]
[EventType "tourn"]
[EventRounds "9"]
[EventCountry "ESP"]
[EventCategory "14"]
[Source "lmi"]
[SourceDate "2011.10.12"]

1. e4 d6 2. d4 Nf6 3. Nc3 g6 4. f4 Bg7 5. Nf3 O-O 6. Bd3 Na6 7. O-O c5 8. d5
Rb8 9. Kh1 Bg4 10. h3 Bxf3 11. Rxf3 Nc7 12. a4 e6 13. dxe6 fxe6 14. Nb5 d5 15.
e5 Ne4 16. Be3 g5 17. fxg5 Nxb5 18. axb5 Bxe5 19. Bxe4 dxe4 20. Rxf8+ Qxf8 21.
c3 Rd8 22. Qe2 Bb8 23. Rf1 Qd6 24. Bg1 Qe5 25. Qh5 Qg7 26. Qg4 Qe5 27. Qh5 Qg7
28. Bxc5 Qg6 29. Qg4 h5 30. Qe2 Qxg5 31. Qxe4 Be5 32. Qxb7 Kh8 33. Bxa7 1-0

[Event "Magistral Casino Barcelona 2011"]
[Site "Barcelona ESP"]
[Date "2011.10.14"]
[Round "3.4"]
[White "Spraggett, Kevin"]
[Black "Salgado Lopez, Ivan"]
[Result "1/2-1/2"]
[WhiteElo "2576"]
[BlackElo "2614"]
[PlyCount "42"]
[EventDate "2011.10.12"]
[EventType "tourn"]
[EventRounds "9"]
[EventCountry "ESP"]
[EventCategory "14"]
[Source "lmi"]
[SourceDate "2011.10.12"]

1. d4 Nf6 2. c4 g6 3. Nc3 d5 4. Nf3 Bg7 5. cxd5 Nxd5 6. g3 Nb6 7. Bg2 Nc6 8. e3
O-O 9. O-O a5 10. Re1 a4 11. d5 Nb4 12. e4 a3 13. Bf1 Bg4 14. Qb3 Na6 15. Nd2
c6 16. h3 axb2 17. Bxb2 Bd7 18. Rab1 Nc5 19. Qb4 Na6 20. Qb3 Nc5 21. Qb4 Na6
1/2-1/2

[Event "Magistral Casino Barcelona 2011"]
[Site "Barcelona ESP"]
[Date "2011.10.15"]
[Round "4.1"]
[White "Salgado Lopez, Ivan"]
[Black "Alsina Leal, Daniel"]
[Result "1/2-1/2"]
[WhiteElo "2614"]
[BlackElo "2529"]
[PlyCount "78"]
[EventDate "2011.10.12"]
[EventType "tourn"]
[EventRounds "9"]
[EventCountry "ESP"]
[EventCategory "14"]
[Source "lmi"]
[SourceDate "2011.10.12"]

1. Nf3 d5 2. d4 Nf6 3. c4 c6 4. e3 Bf5 5. Nc3 e6 6. Nh4 Bg6 7. Nxg6 hxg6 8. Bd2
Nbd7 9. c5 e5 10. b4 a6 11. a4 Be7 12. g3 exd4 13. exd4 Nf8 14. Bg2 Ne6 15. Be3
Ng8 16. O-O Bf6 17. Ne2 Ne7 18. f3 Nf5 19. Bf2 g5 20. b5 axb5 21. axb5 g6 22.
bxc6 bxc6 23. Ra4 Kf8 24. Qa1 Kg7 25. Rb1 Rxa4 26. Qxa4 Qa8 27. Qd1 Rb8 28.
Rxb8 Qxb8 29. Bh3 Qb2 30. Bxf5 gxf5 31. Qd3 g4 32. fxg4 fxg4 33. Be3 Kf8 34.
Kf2 Ke7 35. Kf1 Qa1+ 36. Kg2 Qa2 37. Kf1 Qa1+ 38. Kg2 Qa2 39. Kf1 Qa1+ 1/2-1/2

[Event "Magistral Casino Barcelona 2011"]
[Site "Barcelona ESP"]
[Date "2011.10.15"]
[Round "4.2"]
[White "Peralta, Fernando"]
[Black "Spraggett, Kevin"]
[Result "1/2-1/2"]
[WhiteElo "2602"]
[BlackElo "2576"]
[PlyCount "54"]
[EventDate "2011.10.12"]
[EventType "tourn"]
[EventRounds "9"]
[EventCountry "ESP"]
[EventCategory "14"]
[Source "lmi"]
[SourceDate "2011.10.12"]

1. d4 Nf6 2. c4 g6 3. Nc3 Bg7 4. e4 d6 5. Nf3 O-O 6. Be2 Na6 7. O-O e5 8. Be3
c6 9. d5 Ng4 10. Bg5 f6 11. Bh4 c5 12. Ne1 Nh6 13. a3 Qe7 14. f3 Nf7 15. Nd3
Bd7 16. Re1 b6 17. Bf1 Bh6 18. b4 Bg5 19. Bf2 Rfc8 20. Re2 Bh6 21. Rb2 Nd8 22.
bxc5 bxc5 23. Rab1 Nf7 24. Rb7 Nd8 25. R7b2 Nf7 26. Rb7 Nd8 27. R7b2 Nf7
1/2-1/2

[Event "Magistral Casino Barcelona 2011"]
[Site "Barcelona ESP"]
[Date "2011.10.15"]
[Round "4.3"]
[White "Oms Pallise, Josep"]
[Black "Seirawan, Yasser"]
[Result "0-1"]
[WhiteElo "2493"]
[BlackElo "2652"]
[PlyCount "70"]
[EventDate "2011.10.12"]
[EventType "tourn"]
[EventRounds "9"]
[EventCountry "ESP"]
[EventCategory "14"]
[Source "lmi"]
[SourceDate "2011.10.12"]

1. d4 d6 2. Nf3 Bg4 3. c4 Bxf3 4. exf3 c6 5. Nc3 g6 6. Be2 Bg7 7. Be3 Nf6 8.
Qb3 Qc7 9. g4 a5 10. h4 h5 11. O-O-O Nbd7 12. Kb1 Nb6 13. d5 Nfd7 14. gxh5 Rxh5
15. f4 Rh8 16. Na4 Nxa4 17. Qxa4 Nc5 18. Qc2 a4 19. Bd2 O-O-O 20. f5 gxf5 21.
Qxf5+ e6 22. Qc2 Kb8 23. Bf3 cxd5 24. cxd5 Rc8 25. dxe6 fxe6 26. Bf4 e5 27. Be3
a3 28. b3 e4 29. Be2 Qe7 30. Qd2 Nd3 31. Qa5 Rc5 32. Bxc5 dxc5 33. Bxd3 Qe5 34.
Qxa3 Qa1+ 35. Kc2 Qc3+ 0-1

[Event "Magistral Casino Barcelona 2011"]
[Site "Barcelona ESP"]
[Date "2011.10.15"]
[Round "4.4"]
[White "De La Riva Aguado, Oscar"]
[Black "Smirin, Ilia"]
[Result "1/2-1/2"]
[WhiteElo "2541"]
[BlackElo "2678"]
[PlyCount "85"]
[EventDate "2011.10.12"]
[EventType "tourn"]
[EventRounds "9"]
[EventCountry "ESP"]
[EventCategory "14"]
[Source "lmi"]
[SourceDate "2011.10.12"]

1. e4 c5 2. Nf3 d6 3. d4 cxd4 4. Nxd4 Nf6 5. Nc3 g6 6. Be3 Bg7 7. f3 O-O 8. Qd2
Nc6 9. O-O-O d5 10. Qe1 e6 11. g4 Bd7 12. Nxc6 Bxc6 13. Kb1 Qc7 14. g5 Nh5 15.
exd5 exd5 16. Bd4 Rfe8 17. Qf2 Bxd4 18. Qxd4 Qf4 19. b4 a6 20. Qxf4 Nxf4 21. a4
Re3 22. Kb2 Rd8 23. Ne4 Bxa4 24. Nf6+ Kg7 25. Bc4 Rc8 26. Bxd5 Rxc2+ 27. Kb1
Re5 28. h4 Rf2 29. Bb3 Be8 30. Rd8 Rfe2 31. Rc1 Kf8 32. Rcc8 Re1+ 33. Kb2 R1e2+
34. Kb1 R5e3 35. Nxh7+ Kg7 36. Nf6 Rxb3+ 37. Ka1 Rxf3 38. Nxe8+ Kf8 39. Nf6+
Ke7 40. Re8+ Kd6 41. Red8+ Ke6 42. Re8+ Kd6 43. Red8+ 1/2-1/2

[Event "Magistral Casino Barcelona 2011"]
[Site "Barcelona ESP"]
[Date "2011.10.16"]
[Round "5.1"]
[White "Smirin, Ilia"]
[Black "Narciso Dublan, Marc"]
[Result "1-0"]
[WhiteElo "2678"]
[BlackElo "2519"]
[PlyCount "69"]
[EventDate "2011.10.12"]
[EventType "tourn"]
[EventRounds "9"]
[EventCountry "ESP"]
[EventCategory "14"]
[Source "lmi"]
[SourceDate "2011.10.12"]

1. e4 e5 2. Nf3 Nc6 3. Bb5 a6 4. Ba4 Nf6 5. O-O Nxe4 6. d4 b5 7. Bb3 d5 8. dxe5
Be6 9. Nbd2 Nc5 10. c3 Bg4 11. Bc2 Ne6 12. Re1 Bc5 13. Nf1 Ne7 14. Ng3 c6 15.
h3 Bxf3 16. Qxf3 O-O 17. Kh2 Ng6 18. Re2 Qc7 19. Qf5 Rad8 20. Bd2 d4 21. Rae1
dxc3 22. bxc3 b4 23. Bb3 bxc3 24. Bxc3 Bd4 25. Rc2 Bxc3 26. Rxc3 Qa5 27. Rce3
Ne7 28. Qh5 Nd5 29. Re4 Ndf4 30. Qg4 Nd3 31. Nh5 Nxe1 32. Bxe6 g6 33. Nf6+ Kg7
34. Qh4 Rh8 35. Nh5+ 1-0

[Event "Magistral Casino Barcelona 2011"]
[Site "Barcelona ESP"]
[Date "2011.10.16"]
[Round "5.2"]
[White "Seirawan, Yasser"]
[Black "De La Riva Aguado, Oscar"]
[Result "1/2-1/2"]
[WhiteElo "2652"]
[BlackElo "2541"]
[PlyCount "111"]
[EventDate "2011.10.12"]
[EventType "tourn"]
[EventRounds "9"]
[EventCountry "ESP"]
[EventCategory "14"]
[Source "lmi"]
[SourceDate "2011.10.12"]

1. d4 d5 2. c4 c6 3. Nf3 Nf6 4. e3 Bg4 5. h3 Bxf3 6. Qxf3 e6 7. Nc3 Nbd7 8. Bd3
Bb4 9. Bd2 O-O 10. O-O Re8 11. Qd1 dxc4 12. Bxc4 Nb6 13. Bb3 Bd6 14. Qf3 e5 15.
dxe5 Bxe5 16. Rfd1 Qe7 17. a3 Rad8 18. Be1 g6 19. Rxd8 Rxd8 20. Rd1 Rxd1 21.
Qxd1 Nfd5 22. Nxd5 Nxd5 23. Bxd5 cxd5 24. Qc2 h5 25. Qc8+ Kh7 26. Bc3 Bxc3 27.
Qxc3 b6 28. b4 Qd7 29. f3 Kg8 30. Kf2 Qa4 31. Kg3 Qe8 32. Kf2 Qa4 33. g4 hxg4
34. hxg4 Qd7 35. Qe5 Kh7 36. Kg3 a5 37. f4 axb4 38. axb4 Qb5 39. Qe7 Kg8 40. f5
gxf5 41. gxf5 Qf1 42. f6 Qg1+ 43. Kf4 Qh2+ 44. Kg4 Qg2+ 45. Kf4 Qh2+ 46. Kg4
Qg2+ 47. Kf5 Qf3+ 48. Ke5 Qe4+ 49. Kd6 Qxb4+ 50. Kc6 Qc4+ 51. Kxb6 Qc8 52. Kb5
Qc4+ 53. Kb6 Qc8 54. Kb5 Qc4+ 55. Kb6 Qc8 56. Kb5 1/2-1/2

[Event "Magistral Casino Barcelona 2011"]
[Site "Barcelona ESP"]
[Date "2011.10.16"]
[Round "5.3"]
[White "Spraggett, Kevin"]
[Black "Oms Pallise, Josep"]
[Result "1-0"]
[WhiteElo "2576"]
[BlackElo "2493"]
[PlyCount "101"]
[EventDate "2011.10.12"]
[EventType "tourn"]
[EventRounds "9"]
[EventCountry "ESP"]
[EventCategory "14"]
[Source "lmi"]
[SourceDate "2011.10.12"]

1. e4 c6 2. Nc3 d5 3. d4 dxe4 4. Nxe4 Bf5 5. Ng3 Bg6 6. h4 h6 7. h5 Bh7 8. Bd3
Bxd3 9. Qxd3 e6 10. Nf3 Nd7 11. Bd2 Ngf6 12. O-O-O Be7 13. Ne4 Nxe4 14. Qxe4
Nf6 15. Qd3 O-O 16. g4 Nxg4 17. Rhg1 f5 18. Qe2 Kh7 19. Ne5 Nxe5 20. dxe5 Rf7
21. Bxh6 Qa5 22. Qc4 Qxe5 23. Bf4 b5 24. Bxe5 bxc4 25. Rg6 Re8 26. Rd4 Bf6 27.
Bxf6 Rxf6 28. Rxf6 gxf6 29. Rxc4 Kh6 30. Rxc6 Kxh5 31. Kd2 Kg4 32. Ke2 Re7 33.
b4 Kf4 34. b5 Ke4 35. a4 f4 36. a5 e5 37. b6 axb6 38. axb6 f3+ 39. Kd2 Rd7+ 40.
Kc3 Kd5 41. Rxf6 Kc5 42. Rf5 Kxb6 43. Rxe5 Rc7+ 44. Kb3 Rf7 45. c3 Rf4 46. Kc2
Ra4 47. Kb3 Rf4 48. Rd5 Kc6 49. Rd4 Rf8 50. Kc4 Ra8 51. Kd3 1-0

[Event "Magistral Casino Barcelona 2011"]
[Site "Barcelona ESP"]
[Date "2011.10.16"]
[Round "5.4"]
[White "Alsina Leal, Daniel"]
[Black "Peralta, Fernando"]
[Result "1/2-1/2"]
[WhiteElo "2529"]
[BlackElo "2602"]
[PlyCount "202"]
[EventDate "2011.10.12"]
[EventType "tourn"]
[EventRounds "9"]
[EventCountry "ESP"]
[EventCategory "14"]
[Source "lmi"]
[SourceDate "2011.10.12"]

1. e4 c6 2. d4 d5 3. e5 Bf5 4. Nf3 e6 5. Be2 c5 6. Be3 cxd4 7. Nxd4 Ne7 8. Nd2
Nbc6 9. N2f3 Bg4 10. O-O Bxf3 11. Nxf3 Qc7 12. Bf4 Ng6 13. Bg3 Be7 14. Re1 O-O
15. Bf1 Rac8 16. a3 Nb8 17. Bd3 Nd7 18. c3 Rfd8 19. Qe2 Nc5 20. Bc2 Qb6 21.
Rab1 Nb3 22. h4 a5 23. h5 Nf8 24. Bf4 a4 25. Be3 Qa6 26. Bxb3 axb3 27. Qd1 Qa4
28. Nd4 Nd7 29. Qxb3 Qa6 30. Nf3 Nc5 31. Qc2 h6 32. Qe2 Nd3 33. Rf1 Nxe5 34.
Qd1 Nc4 35. Bf4 Bf6 36. Re1 Nd6 37. Be5 Bxe5 38. Nxe5 Nc4 39. Nf3 Nd6 40. Ne5
Nc4 41. Nf3 Qd6 42. Qd4 Na5 43. Qe5 Qe7 44. Qg3 Nc4 45. Re2 Qf6 46. Rbe1 Nd6
47. Nd2 Ra8 48. Qe3 Ra4 49. Nf1 Nf5 50. Qe5 Qg5 51. b4 Nd6 52. Qxg5 hxg5 53.
Re5 Rxa3 54. Rxg5 Kf8 55. Rg3 Rc8 56. Nh2 Raxc3 57. Rxc3 Rxc3 58. Rb1 e5 59.
Ng4 Nc4 60. Re1 e4 61. Rd1 Rd3 62. Rxd3 exd3 63. Kf1 Ke7 64. f3 f5 65. Nf2 Ne3+
66. Ke1 Nxg2+ 67. Kd2 Nf4 68. Ke3 Nxh5 69. Nxd3 Kd6 70. Nc5 b6 71. Na4 Kc6 72.
Nc3 g5 73. Kd4 Nf4 74. Ke5 Nd3+ 75. Kxf5 Nxb4 76. Kxg5 d4 77. Nd1 Kd5 78. f4 d3
79. f5 Nc6 80. f6 Nd8 81. Kf4 Kd4 82. Kf3 Nf7 83. Kf2 Ng5 84. Ke1 Nf3+ 85. Kf2
Ne5 86. Ke1 b5 87. Kd2 b4 88. Nb2 Nf3+ 89. Kd1 Ng5 90. Kc1 Ke3 91. Nc4+ Kd4 92.
Nb2 b3 93. Nd1 Kc4 94. Nb2+ Kc3 95. Nd1+ Kc4 96. Nb2+ Kd4 97. Nd1 Nf7 98. Kb2
Kc4 99. Ne3+ Kb4 100. Nf1 Ne5 101. Nd2 Kc5 1/2-1/2

[Event "Magistral Casino Barcelona 2011"]
[Site "Barcelona ESP"]
[Date "2011.10.17"]
[Round "6.1"]
[White "Narciso Dublan, Marc"]
[Black "Salgado Lopez, Ivan"]
[Result "1-0"]
[WhiteElo "2519"]
[BlackElo "2614"]
[PlyCount "117"]
[EventDate "2011.10.12"]
[EventType "tourn"]
[EventRounds "9"]
[EventCountry "ESP"]
[EventCategory "14"]
[Source "lmi"]
[SourceDate "2011.10.12"]

1. e4 e6 2. d4 d5 3. exd5 exd5 4. Nf3 Nf6 5. Bd3 Bd6 6. O-O O-O 7. Bg5 Bg4 8.
Nbd2 Nbd7 9. c3 c6 10. Qc2 Qc7 11. Bh4 Bh5 12. Bg3 Bg6 13. Bxg6 hxg6 14. Bxd6
Qxd6 15. Rfe1 Rae8 16. g3 Rxe1+ 17. Rxe1 Re8 18. Rxe8+ Nxe8 19. Qb3 b6 20. Qd1
Qe6 21. Ne1 g5 22. Ng2 Nef6 23. Ne3 g4 24. Nb3 Qe4 25. Nc1 Qb1 26. Qc2 Qa1 27.
a3 Nf8 28. Kg2 Ne6 29. Nb3 Qe1 30. Qd2 Qb1 31. Qc2 Qxc2 32. Nxc2 c5 33. dxc5
bxc5 34. Na5 c4 35. Nc6 Nc5 36. Ne3 Na4 37. Ne7+ Kf8 38. N7xd5 Nxd5 39. Nxd5
Nxb2 40. Ne3 Na4 41. Nxg4 Nxc3 42. Ne3 Ke7 43. Nxc4 Ke6 44. Kf3 Kd5 45. Ne3+
Ke5 46. Nc2 Kd5 47. Ne3+ Ke5 48. h4 Nb5 49. Nc2 Kd5 50. h5 Nd6 51. g4 f6 52.
Kf4 a5 53. g5 fxg5+ 54. Kxg5 Ne4+ 55. Kg6 Nxf2 56. Ne3+ Ke6 57. Kxg7 Ne4 58. h6
Nf6 59. Nd5 1-0

[Event "Magistral Casino Barcelona 2011"]
[Site "Barcelona ESP"]
[Date "2011.10.17"]
[Round "6.3"]
[White "De La Riva Aguado, Oscar"]
[Black "Spraggett, Kevin"]
[Result "1-0"]
[WhiteElo "2541"]
[BlackElo "2576"]
[PlyCount "93"]
[EventDate "2011.10.12"]
[EventType "tourn"]
[EventRounds "9"]
[EventCountry "ESP"]
[EventCategory "14"]
[Source "lmi"]
[SourceDate "2011.10.12"]

1. e4 c5 2. Nf3 e6 3. d4 cxd4 4. Nxd4 Nf6 5. Nc3 d6 6. Be3 a6 7. Qd2 Be7 8. f3
Nc6 9. g4 Nd7 10. O-O-O O-O 11. h4 Nde5 12. Qg2 Qc7 13. g5 b5 14. Kb1 Nxd4 15.
Bxd4 Bb7 16. f4 Nc6 17. Bf6 Kh8 18. Bxe7 Nxe7 19. Bd3 f5 20. Rhe1 Rae8 21. Qd2
b4 22. Na4 a5 23. b3 Bc6 24. Nb2 fxe4 25. Bxe4 Nd5 26. Bxd5 Bxd5 27. Re3 Rc8
28. Rc1 Qf7 29. c4 bxc3 30. Rexc3 Rcd8 31. Nd3 Be4 32. Ka1 Qf5 33. h5 e5 34. h6
gxh6 35. gxh6 exf4 36. Nf2 d5 37. a4 Rde8 38. Ng4 Qxg4 39. Qd4+ Kg8 40. Rg1 Bg2
41. Rc2 Re4 42. Qxd5+ Kh8 43. Qc5 Rfe8 44. Qc3+ R4e5 45. Re1 Qg5 46. Rxg2 Qf6
47. Rge2 1-0